000 00464nam a2200205Ia 4500
003 0100
008 130227s9999 xx 000 0 und d
040 _cARRUPELIB
050 _aB331.S18
100 _aSadler, Ted
245 _aHeidegger and Aristotle
245 _bthe question of being
260 _aLondon
260 _bAthlone
260 _C1997
300 _a250p.
300 _b 23 cm
650 _bPsychology - Collected works
942 _2lcc
_01
999 _c2376
_d2376